|
|
|
|
| LEADER |
02619nam a2200457 i 4500 |
| 001 |
44409 |
| 003 |
BD-DhAAL |
| 005 |
20250424154224.0 |
| 008 |
140903t2014 bg b 001 0 ben |
| 010 |
|
|
|a 2014360488
|
| 020 |
|
|
|a 9789843368140
|
| 025 |
|
|
|a B-E-2014-360488; 22-91
|
| 035 |
|
|
|a (MFDhaka) 2014360488
|
| 037 |
|
|
|b Library of Congress -- New Delhi Overseas Office
|
| 040 |
|
|
|a DLC
|b eng
|e rda
|c DLC
|d DLC
|d BD-DhAAL
|
| 042 |
|
|
|a lcode
|a pcc
|
| 043 |
|
|
|a a-bg---
|
| 050 |
0 |
0 |
|a LB1140.25.B3
|b N38 2014
|
| 082 |
|
|
|a 372.95492
|
| 245 |
1 |
0 |
|a New vision old challenges :
|b the state of pre-primary education in Bangladesh /
|c research team, Samir Ranjan Nath ... [et al.]. ; reviewers Mohammad Mohsin, Md. Golam Mostafa, Anwara Begum ; coordination, Rasheda K. Choudhury.
|
| 246 |
1 |
|
|i At head of title:
|a Education watch 2013
|
| 264 |
|
1 |
|a Dhaka :
|b Campaign for Popular Education, Bangladesh :
|b European Union Delegation to Bangladesh,
|c 2014.
|
| 300 |
|
|
|a xxxi, 146 pages ;
|c 29 cm
|
| 504 |
|
|
|a Includes bibliographical references (pages 123-126) and index.
|
| 520 |
|
|
|a A study report on pre-primary education in Bangladesh.
|
| 541 |
|
|
|a Complimentary copy from Dr. Ahmed Mushtaque Raza Chowdhury (Former Vice Chairperson of BRAC)
|e 44409, 44410
|
| 650 |
|
0 |
|a Education, Preschool
|z Bangladesh
|x Evaluation.
|9 58178
|
| 650 |
|
0 |
|a Education, Primary
|z Bangladesh.
|
| 650 |
|
0 |
|a Educational surveys
|z Bangladesh.
|
| 650 |
|
0 |
|a Educational tests and measurements
|z Bangladesh.
|9 58144
|
| 700 |
|
|
|a Nath, Samir R.,
|
| 700 |
|
|
|a Ahmed, Kazi saleh.
|
| 700 |
|
|
|a Chowdhury, A. M. Raza.
|
| 700 |
|
|
|a ROY, Goutam.
|9 58180
|
| 700 |
|
|
|a Rahman, M Habibur.
|9 58181
|
| 710 |
2 |
|
|a Campaign for Popular Education (Organization)
|
| 710 |
2 |
|
|a European Commission.
|b Delegation to Bangladesh.
|9 58179
|
| 942 |
|
|
|2 ddc
|c BK
|
| 999 |
|
|
|c 47289
|d 47289
|
| 952 |
|
|
|0 0
|1 0
|2 ddc
|4 0
|6 372_954920000000000_NEW
|7 1
|9 77656
|a BRACUL
|b BRACUL
|c AMRC
|d 2025-04-24
|e Complimentary copy from Dr. Ahmed Mushtaque Raza Chowdhury (Former Vice Chairperson of BRAC)
|g 500.00
|l 0
|o 372.95492 NEW
|p 3010044409
|r 2025-04-24
|t 1
|w 2025-04-24
|y BK
|x Complimentary copy received from Dr. Ahmed Mushtaque Raza Chowdhury (Former Vice Chairperson of BRAC) on 17 April 2025
|
| 952 |
|
|
|0 0
|1 0
|2 ddc
|4 0
|6 372_954920000000000_NEW
|7 1
|9 77657
|a BRACUL
|b BRACUL
|c AMRC
|d 2025-04-24
|e Complimentary copy from Dr. Ahmed Mushtaque Raza Chowdhury (Former Vice Chairperson of BRAC)
|g 500.00
|l 0
|o 372.95492 NEW
|p 3010044410
|r 2025-04-24
|t 2
|w 2025-04-24
|y BK
|x Complimentary copy received from Dr. Ahmed Mushtaque Raza Chowdhury (Former Vice Chairperson of BRAC) on 17 April 2025
|